00629nam a22002177a 4500003000500000005001700005008004100022010001000063011001000073035001000083040000900093082001500102100002100117245008600138260005100224300003100275490003200306650002500338650001600363830003200379CHAP20220329140507.0971013s1981 r 00010 d a52809 a53781 a57931 cCHAP a632.95bR600aRosen, Joseph D. aSulphurin pesticide action and metabolismb: based on a symposium sponsared by... aWashington :bAmerican Chemical Society,c1981 a192 p.b: ilus. ; gráfs. aACS symposium seriesv; 15814aAzufrexMetabolismo.14aPesticidas.0 aACS symposium seriesv; 158